000 00513nam a22001817a 4500
003 OSt
005 20140310182534.0
008 130927t xxu||||| |||| 00| 0 eng d
020 _a9715693296
050 _aQH 332
_b.Al454 2004
100 _aAlora, Rosario Angeles Tan
_921881
245 _aA handbook in bioethics /
_cRosario Angeles Tan Alora.
260 _aPhilippines :
_bBookmark, Inc.
_cc2004.
300 _avii. 128 p. :
_c19 cm.
651 _aBioethics
_921882
942 _2lcc
_cSSLC
999 _c14168
_d14168